000
00254nam a2200097Ia 4500
001
768877
005
20250826165427.0
008
250824s9999 xx 000 0 und d
245
0
_a
KUTLU PEYGAMBERİM
_c
VURAL KAYA
260
_b
SELÇUKLU BELEDİYESİ YAYINLARI
999
_c
768877
_d
768877